| 000 | 00628 a2200169 4500 | ||
|---|---|---|---|
| 020 | _a0521828910 | ||
| 020 | _a9780521828918 | ||
| 082 | _a519.282 | ||
| 090 |
_c883 _d883 |
||
| 100 | 1 | _aRudnick, Joseph. | |
| 245 | 1 | 0 |
_aElements of the random walk : _ban introduction for advanced students and researchers / _cJoseph Rudnick, George Gaspari. |
| 260 |
_a[S.l.] : _bCambridge University Press, _c2004. |
||
| 300 |
_a346 p. ; _c25 cm. |
||
| 700 | 1 | _aGaspari, George. | |
| 942 |
_aSNS _cBK _k519.282 RUD |
||
| 999 |
_c29506 _d29506 |
||